Mikszáth és kora

Elmentve itt :
Bibliográfiai részletek
Szerző: Gyimesi Lászlóné
További közreműködők: nincs megadva (Témavezető)
Dokumentumtípus: Szakdolgozat
Megjelent: 1959
Tárgyszavak:
Online Access:http://diploma.bibl.u-szeged.hu/96030
LEADER 00610nta a2200181 i 4500
001 dipl96030
005 20201214152240.0
008 201214s1959 hu om 0|| zxx d
040 |a SZTE Diploma Repozitórium  |b hun 
041 |a zxx 
100 1 |a Gyimesi Lászlóné 
245 1 0 |a Mikszáth és kora  |h [elektronikus dokumentum] /  |c Lászlóné Gyimesi 
260 |c 1959 
650 4 |a Bölcsészettudományok 
650 4 |a General literature studies 
650 4 |a History of literature 
700 1 |a nincs megadva  |e ths 
856 4 0 |u http://diploma.bibl.u-szeged.hu/id/eprint/96030/1/1959_gyimesi_laszlone.pdf  |z Dokumentum-elérés